| 000 | 00524nam a2200169Ia 4500 | ||
|---|---|---|---|
| 008 | 090201s9999 xx 000 0 und d | ||
| 010 | _aKPL-45038 | ||
| 040 | _bमराठी | ||
| 041 | _aमराठी | ||
| 082 |
_a11989 _b45038 |
||
| 100 | _aमु. श्री. कानडे | ||
| 245 |
_aनाट्य शोध _cमु. श्री. कानडे |
||
| 260 |
_c2004 _bनीहारा प्रकाशन |
||
| 300 |
_a191 _bमोठा |
||
| 600 | _aनाट्य शोध | ||
| 942 | _cBOOK | ||
| 999 |
_c212360 _d212360 |
||